000 00710nam a2200289Ia 4500
005 20260324145330.0
008 008 260324s9999 xx 000 0 eng d
020 _a9780203706282
037 _aEBOOK
040 _aCRL
040 _beng
040 _cCRL
041 _2eng
041 _aeng
084 _qCRL
100 _aEdmund Mokrzycki
_91222590
245 0 _aPhilosophy of Science and Sociology
245 0 _bFrom the Methodological Doctrine to Research Practice
260 _bTaylor and Francis
260 _c1983
365 _a
365 _b290
856 _uhttp://www.taylorfrancis.com/books/9780203706282
942 _cEBOOK
999 _c1830348
_d1830348